Rolling Stone's 50 Most Disappointing Albums Of All Time - Statistics

General Stats
  • This quiz has been taken 61 times
  • The average score is 15 of 50
Answer Stats
Hint Answer % Correct
Lou Reed Lou Reed
95%
Stevie Wonder’s Journey Through The Secret Life Of Plants Stevie Wonder
88%
Byrds The Byrds
84%
Self Portrait Bob Dylan
81%
Bat Out Of Hell III: The Monster Is Loose Meat Loaf
81%
Their Satanic Majesties Request The Rolling Stones
74%
Chinese Democracy Guns N Roses
58%
Dylan & The Dead Bob Dylan & The Grateful Dead
54%
The Final Cut Pink Floyd
53%
The Life Of Pablo Kanye West
51%
Flick Of The Switch AC/DC
46%
The King Of Limbs Radiohead
44%
Songs Of Innocence U2
44%
Some Time In New York City John Lennon
40%
Tonight David Bowie
37%
Be Here Now Oasis
35%
Human Touch Bruce Springsteen
32%
Dark Horse George Harrison
32%
Invincible Michael Jackson
32%
Hawks & Doves Neil Young
26%
One Hot Minute Red Hot Chili Peppers
26%
A Single Man Elton John
25%
Second Coming The Stone Roses
25%
Tales From Topographic Oceans Yes
25%
Draw The Line Aerosmith
21%
Technical Ecstasy Black Sabbath
21%
Listen Without Prejudice: Vol 1 George Michael
21%
The Hunter Blondie
19%
Smiler Rod Stewart
16%
Smiley Smile The Beach Boys
16%
Behind The Mask Fleetwood Mac
14%
Back From Hell Run-D.M.C
14%
Wild Life Wings
14%
Balance Van Halen
12%
Thank You Duran Duran
11%
Raised On Radio Journey
11%
I'm In You Peter Frampton
11%
Muse Sick-N-Hour Mess Age Public Enemy
11%
The Big Day Chance The Rapper
9%
Pretty.Odd Panic! At The Disco
9%
Radio Ethiopia Patti Smith Group
9%
Cahoots The Band
9%
Let Me Up (I've Had Enough) Tom Petty & The Heartbreakers
7%
Bigger And Deffer LL Cool J
5%
Congratulations MGMT
5%
Neither Fish Nor Flesh Terence Trent D'Arby
5%
Justus The Monkees
5%
Shout Devo
4%
Eye Of The Zombie John Fogerty
4%
Here Today, Tomorrow Next Week! The Sugarcubes
4%
No matching quizzes found
Score Distribution
Percent of People with Each Score
Percentile by Number Answered
Your Score History
You have not taken this quiz